书目信息 |
| 题名: |
无线电设备结构设计
|
|
| 作者: | 《无线电设备结构设计》编写组编写 | |
| 分册: | ||
| 出版信息: | 北京 国防工业出版社 1978 |
|
| 页数: | 292页 | |
| 开本: | 26cm | |
| 丛书名: | ||
| 单 册: | ||
| 中图分类: | TN803 | |
| 科图分类: | ||
| 主题词: | 电信设备-结构设计 , 结构设计-电信设备 | |
| 电子资源: | ||
| ISBN: | ||
| 000 | 00625nam0 2200229 45 | |
| 001 | 0178001706 | |
| 005 | 20060720092119.14 | |
| 010 | @dCNY1.95 | |
| 091 | @a15034.1686 | |
| 100 | @a19950728d1978 em y0chiy0121 ea | |
| 101 | 0 | @achi |
| 102 | @aCN@b110000 | |
| 105 | @ay z 000yy | |
| 200 | 10 | @a无线电设备结构设计@Awu xian dian she bei jie gou she ji@f《无线电设备结构设计》编写组编写 |
| 210 | @a北京@c国防工业出版社@d1978 | |
| 215 | @a292页@d26cm | |
| 300 | @a国内发行 | |
| 606 | @a电信设备-结构设计 | |
| 606 | @a结构设计-电信设备 | |
| 690 | @aTN803@v3 | |
| 801 | 0 | @aCN@bTSSF@c20060720 |
| 905 | @a10447@dTN803@e27 | |
| 无线电设备结构设计/《无线电设备结构设计》编写组编写.-北京:国防工业出版社,1978 |
| 292页;26cm |
| 国内发行 |
| ISBN :CNY1.95 |
| ● |
| 相关链接 |
|
|
|
|
正题名:无线电设备结构设计
索取号:TN803/27
 
预约/预借
| 序号 | 登录号 | 条形码 | 馆藏地/架位号 | 状态 | 备注 |
| 1 | 0421670 | 204216703 | 密集书库/ [索取号:TN803/27] | 在馆 | |
| 2 | 0437823 | 204378235 | 密集书库/ [索取号:TN803/27] | 在馆 |